| 000 | 01396nam a2200361 a 4500 | ||
|---|---|---|---|
| 001 | 000116341 | ||
| 003 | CHAP | ||
| 005 | 20220329144611.0 | ||
| 008 | 191219s2019 mx a |sm |||||||spa d | ||
| 010 | _a112802 | ||
| 011 | _a113774 | ||
| 040 | _cCHAP | ||
| 090 | _aTesis | ||
| 100 | 1 |
_aHernández Alonso, Martha. _9137169 |
|
| 245 | 1 | 0 |
_aParticipación de la mujer en los sectores económicos y sociales en México (2010-2018) _h[En línea] _cpor Martha Hernández Alonso y Alva Nely Rivera Ramírez. |
| 260 |
_aChapingo, Méx. : _bEl autor, _c2019. |
||
| 500 | _aPara ver el contenido del material haga clic en la liga | ||
| 502 | _aTesis (Licenciada en Economia Internacional) -- UACH. División de Ciencias Económico-Administrativas | ||
| 590 |
_aBATCH-UPD _b05 _c20191219 _lUCH01 _h1141 |
||
| 590 |
_aBATCH-UPD _b05 _c20191219 _lUCH01 _h1148 |
||
| 590 |
_aE6339RRR _b05 _c20191219 _lUCH01 _h1141 |
||
| 590 |
_aE6339RRR _b05 _c20191219 _lUCH01 _h1141 |
||
| 590 |
_aE6339RRR _b05 _c20191219 _lUCH01 _h1147 |
||
| 650 | 1 | 4 |
_aMujer _xDiscriminación. _979320 |
| 650 | 1 | 4 |
_aMujeres _xCondiciones económicas. _9129167 |
| 650 | 1 | 4 |
_aMujeres _xCondiciones sociales. _979401 |
| 650 | 1 | 4 |
_aTrabajo de la mujer. _9114490 |
| 700 | 1 |
_aRivera Ramírez, Alva Nely. _9137170 |
|
| 856 |
_aFinding aid _uhttp://10.13.5.2/tesis/sist116341.pdf _zTeclea aquí |
||
| 901 | _aBK | ||
| 942 | _cTESIS | ||
| 942 | _n0 | ||
| 999 |
_c112802 _d112802 |
||